[Event "Manaus op 2nd"]
[Site "Manaus"]
[Date "2023.10.12"]
[Round "2"]
[White "Quintiliano Pinto, Renato Rodrigues"]
[Black "Da Paz, Leonardo Gadelha"]
[Result "1-0"]
[WhiteElo "2501"]
[BlackElo "1964"]
[PlyCount "124"]
[EventDate "2023.10.11"]
[EventType "swiss"]
[EventRounds "9"]
[EventCountry "BRA"]
[SourceTitle "Mega2024 Update 01"]
[Source "Chessbase"]
[SourceDate "2023.11.12"]
[SourceVersion "1"]
[SourceVersionDate "2023.11.12"]
[SourceQuality "1"]

1. e4 c5 2. Nf3 d6 3. c3 Nf6 4. h3 e5 5. Bd3 Be7 6. Bc2 0-0 7. 0-0 Nc6 8. d3 h6 9. Re1 Nh7 10. Nbd2 Ng5 11. a3 a5 12. a4 Nxf3+ 13. Nxf3 f5 14. Bb3+ Kh8 15. exf5 Bxf5 16. Bd5 Qd7 17. Be3 Bf6 18. Nh2 Ne7 19. Be4 Rab8 20. Nf1 Be6 21. d4 cxd4 22. cxd4 d5 23. dxe5 Bxe5 24. Bb1 Nc6 25. Bc5 Bd6 26. Bxd6 Qxd6 27. Ra3 Bf5 28. Bxf5 Rxf5 29. Ne3 Re5 30. Rd3 d4 31. Nc4 Rxe1+ 32. Qxe1 Qc5 33. b3 Rd8 34. Rf3 d3 35. Rxd3 Rxd3 36. Qe8+ Kh7 37. Qe4+ Kh8 38. Qxd3 Nd4 39. Nxa5 b5 40. axb5 Nxb5 41. Nc4 Qb4 42. Kh2 Nc3 43. Nd2 Qf4+ 44. Kg1 Nd1 45. Qe2 Nc3 46. Qe3 Qb4 47. g3 Qa5 48. Qd3 Qa1+ 49. Kg2 Qa8+ 50. Qf3 Qa5 51. h4 Nd5 52. Nc4 Qc5 53. Ne5 Nf6 54. Ng6+ Kh7 55. Nf4 Kg8 56. Qb7 Qe5 57. b4 Kh7 58. b5 Ng4 59. Qd5 Qf6 60. Qe6 Ne5 61. Qxf6 gxf6 62. b6 Nc6 1-0

[Event "Titled Tuesday intern op 26th Sep Late"]
[Site "Chess.com INT"]
[Date "2023.09.26"]
[Round "4"]
[White "Hajiyev, Kanan"]
[Black "Quintiliano Pinto, Renato Rodrigues"]
[Result "1/2-1/2"]
[WhiteElo "2113"]
[BlackElo "2500"]
[PlyCount "109"]
[EventDate "2023.09.26"]
[EventType "swiss (blitz)"]
[EventRounds "11"]
[EventCountry "USA"]
[SourceTitle "EXT 2024"]
[Source "ChessBase"]
[SourceDate "2023.10.10"]
[SourceVersion "1"]
[SourceVersionDate "2023.10.10"]
[SourceQuality "1"]

1. d4 Nf6 2. Nf3 e6 3. c4 b6 4. g3 Bb7 5. Bg2 Bb4+ 6. Bd2 a5 7. 0-0 0-0 8. Bf4 Be7 9. Nc3 Ne4 10. Qc2 Nxc3 11. Qxc3 Be4 12. a3 a4 13. Qd2 Nc6 14. Qe3 f5 15. Rad1 Na5 16. Nd2 Bxg2 17. Kxg2 g5 18. Be5 d6 19. Nf3 dxe5 20. dxe5 Qe8 21. Nxg5 Nxc4 22. Qc1 Qc6+ 23. f3 Bxg5 24. Qxg5+ Kh8 25. Rc1 b5 26. Rfd1 Qc5 27. f4 Qe3 28. Rd7 Qxe2+ 29. Kg1 Qg4 30. Qe7 Qg6 31. Rxc7 Kg8 32. Rd1 Rf7 33. Qc5 Rxc7 34. Qxc7 Rf8 35. Rd7 Qh5 36. Rg7+ Kh8 37. Kg2 Ne3+ 38. Kf2 Ng4+ 39. Ke1 Nxh2 40. Qe7 Nf3+ 41. Kf2 Rc8 42. Qf6 Rc2+ 43. Ke3 Re2+ 44. Kxe2 Nxe5+ 45. Ke3 Qf3+ 46. Kd4 Qd5+ 47. Ke3 Qe4+ 48. Kf2 Nd3+ 49. Kg1 Qe1+ 50. Kh2 Qe2+ 51. Kh3 Qh5+ 52. Kg2 Qe2+ 53. Kh3 Qh5+ 54. Kg2 Qe2+ 55. Kh3 1/2-1/2

[Event "Titled Tuesday intern op 26th Sep Late"]
[Site "Chess.com INT"]
[Date "2023.09.26"]
[Round "10"]
[White "Quintiliano Pinto, Renato Rodrigues"]
[Black "Bilan, Danila"]
[Result "1-0"]
[WhiteElo "2500"]
[BlackElo "2303"]
[PlyCount "83"]
[EventDate "2023.09.26"]
[EventType "swiss (blitz)"]
[EventRounds "11"]
[EventCountry "USA"]
[SourceTitle "EXT 2024"]
[Source "ChessBase"]
[SourceDate "2023.10.10"]
[SourceVersion "1"]
[SourceVersionDate "2023.10.10"]
[SourceQuality "1"]

1. e4 c6 2. d4 d5 3. exd5 cxd5 4. Bd3 Nc6 5. c3 Qc7 6. Ne2 Bg4 7. 0-0 Nf6 8. Qe1 Bh5 9. f4 e6 10. Ng3 Be7 11. Nxh5 Nxh5 12. g3 g6 13. Nd2 0-0 14. Qe2 a6 15. Nf3 b5 16. Ne5 b4 17. Bd2 bxc3 18. bxc3 a5 19. Rae1 Ng7 20. g4 f5 21. gxf5 gxf5 22. Kh1 Kh8 23. Rg1 Bh4 24. Ref1 Rg8 25. Rf3 Nxe5 26. fxe5 Qf7 27. Rh3 Be7 28. Qf3 Ne8 29. Rxg8+ Qxg8 30. c4 Nc7 31. cxd5 Nxd5 32. Bc4 Rc8 33. Bxd5 exd5 34. Qxf5 Rf8 35. Qd3 Rf7 36. Rf3 Qf8 37. Rxf7 Qxf7 38. Qe2 Qf5 39. Be3 Qe4+ 40. Kg1 Bg5 41. Kf2 Qg4 42. Qxg4 1-0

[Event "Titled Tuesday intern op 26th Sep Late"]
[Site "Chess.com INT"]
[Date "2023.09.26"]
[Round "5"]
[White "Quintiliano Pinto, Renato Rodrigues"]
[Black "Shuvalov, Evgenij"]
[Result "1-0"]
[WhiteElo "2500"]
[BlackElo "2073"]
[PlyCount "51"]
[EventDate "2023.09.26"]
[EventType "swiss (blitz)"]
[EventRounds "11"]
[EventCountry "USA"]
[SourceTitle "EXT 2024"]
[Source "ChessBase"]
[SourceDate "2023.10.10"]
[SourceVersion "1"]
[SourceVersionDate "2023.10.10"]
[SourceQuality "1"]

1. e4 e6 2. d4 d5 3. Bd3 c5 4. exd5 exd5 5. Nf3 c4 6. Be2 Nf6 7. 0-0 Be7 8. b3 cxb3 9. axb3 0-0 10. c4 Nc6 11. Nc3 Bf5 12. h3 Bb4 13. Nxd5 Nxd5 14. cxd5 Qxd5 15. Bc4 Qd7 16. d5 Ne7 17. Bb2 Bg6 18. Rxa7 Rxa7 19. Qd4 Nf5 20. Qxa7 Rc8 21. Ne5 Qe7 22. Nd3 Bd6 23. Re1 Qc7 24. Qa1 f6 25. Nf4 Bb4 26. d6+ 1-0

[Event "Titled Tuesday intern op 26th Sep Late"]
[Site "Chess.com INT"]
[Date "2023.09.26"]
[Round "11"]
[White "Yeletsky, Ivan"]
[Black "Quintiliano Pinto, Renato Rodrigues"]
[Result "0-1"]
[WhiteElo "2504"]
[BlackElo "2500"]
[PlyCount "76"]
[EventDate "2023.09.26"]
[EventType "swiss (blitz)"]
[EventRounds "11"]
[EventCountry "USA"]
[SourceTitle "EXT 2024"]
[Source "ChessBase"]
[SourceDate "2023.10.10"]
[SourceVersion "1"]
[SourceVersionDate "2023.10.10"]
[SourceQuality "1"]

1. e4 c5 2. Nf3 d6 3. Bb5+ Bd7 4. Be2 Nf6 5. Nc3 e5 6. Bc4 Be7 7. d3 0-0 8. 0-0 a6 9. a4 Nc6 10. Bd2 Rb8 11. b3 Bg4 12. h3 Bxf3 13. Qxf3 b5 14. axb5 axb5 15. Bd5 Nd4 16. Qd1 b4 17. Ne2 Nxd5 18. exd5 Qc7 19. f4 Bf6 20. Ng3 g6 21. Ne4 Bg7 22. fxe5 Bxe5 23. Bh6 f5 24. Bxf8 fxe4 25. Bh6 Nf5 26. Bg5 Bxa1 27. Qxa1 exd3 28. cxd3 Re8 29. Qf6 Qg7 30. Ra1 Qxf6 31. Bxf6 Ne3 32. Ra7 Nxd5 33. Bg5 Re1+ 34. Kf2 Rb1 35. Bh6 Rxb3 36. Ke2 Rb2+ 37. Kf3 Rb1 38. g4 b3 0-1

[Event "Titled Tuesday intern op 19th Sep Early"]
[Site "Chess.com INT"]
[Date "2023.09.19"]
[Round "1"]
[White "Kuznecova, Marija"]
[Black "Quintiliano Pinto, Renato Rodrigues"]
[Result "1-0"]
[WhiteElo "2023"]
[BlackElo "2500"]
[PlyCount "125"]
[EventDate "2023.09.19"]
[EventType "swiss (blitz)"]
[EventRounds "11"]
[EventCountry "USA"]
[SourceTitle "EXT 2024"]
[Source "ChessBase"]
[SourceDate "2023.10.10"]
[SourceVersion "1"]
[SourceVersionDate "2023.10.10"]
[SourceQuality "1"]

1. e4 c5 2. Nf3 d6 3. d4 cxd4 4. Nxd4 Nf6 5. Nc3 g6 6. Be3 Bg7 7. f3 0-0 8. Qd2 Nc6 9. 0-0-0 d5 10. exd5 Nxd5 11. Nxc6 bxc6 12. Nxd5 cxd5 13. Bh6 Bxh6 14. Qxh6 Qa5 15. Kb1 Rb8 16. h4 e5 17. Bd3 e4 18. fxe4 Qb4 19. b3 dxe4 20. Be2 Be6 21. h5 Rb7 22. Qg5 a5 23. Qf6 Qe7 24. Qxe7 Rxe7 25. Rd6 Ra8 26. a4 Kg7 27. h6+ Kf6 28. Rf1+ Ke5 29. Rb6 f5 30. c3 Rc7 31. Rb5+ Kf6 32. Kc2 Kg5 33. g4 Kxh6 34. gxf5 Bxf5 35. Rh1+ Kg7 36. Rg1 Kh8 37. Re5 Rd8 38. Bc4 h5 39. Rxa5 e3+ 40. Kc1 Bd3 41. Bxd3 Rxd3 42. Rxg6 Rdxc3+ 43. Kb2 Rc2+ 44. Ka3 Rh2 45. Re5 e2 46. Rge6 h4 47. Rxe2 Rxe2 48. Rxe2 h3 49. Rh2 Rh7 50. a5 Kg8 51. b4 Kf8 52. b5 Ke8 53. a6 Kd8 54. b6 Kc8 55. Kb4 Rh5 56. b7+ Kb8 57. Rc2 Rh4+ 58. Kb5 Rh8 59. Kb6 Rh6+ 60. Rc6 Rxc6+ 61. Kxc6 h2 62. Kb6 h1Q 63. a7# 1-0